<?xml version="1.0" encoding="UTF-8"?>
<marc:record xmlns:marc="http://www.loc.gov/MARC21/slim">
   <marc:leader>00000nam a2200000 a 4500</marc:leader>
   <marc:datafield ind1="1" ind2=" " tag="100">
      <marc:subfield code="a">Huwyler, Marcel</marc:subfield>
      <marc:subfield code="4">aut</marc:subfield>
      <marc:subfield code="e">Verfasser/-in</marc:subfield>
   </marc:datafield>
   <marc:datafield ind1="0" ind2="0" tag="245">
      <marc:subfield code="a">Frau Morgenstern und der Abgrund</marc:subfield>
   </marc:datafield>
   <marc:datafield ind1="0" ind2="0" tag="245">
      <marc:subfield code="b">der fünfte Fall der Mordslady</marc:subfield>
   </marc:datafield>
   <marc:datafield ind1="0" ind2="0" tag="245">
      <marc:subfield code="c">Huwyler, Marcel</marc:subfield>
   </marc:datafield>
   <marc:datafield ind1=" " ind2="1" tag="264">
      <marc:subfield code="a">Köln</marc:subfield>
      <marc:subfield code="b">Grafit</marc:subfield>
      <marc:subfield code="c">2023</marc:subfield>
   </marc:datafield>
   <marc:datafield ind1="1" ind2=" " tag="490">
      <marc:subfield code="a">Frau Morgenstern</marc:subfield>
      <marc:subfield code="v">5</marc:subfield>
   </marc:datafield>
   <marc:datafield ind1="1" ind2=" " tag="520">
      <marc:subfield code="a">Die ungewöhnlichste Auftragskillerin der Welt: Violetta Morgenstern ist zurück&#xD;
Violetta Morgenstern, pensionierte Lehrerin und kreative Profikillerin, ist auf der Flucht vor dem Staat, als sie einen neuen Auftrag erhält: Mit ihrem Kollegen, dem Ex-Söldner Miguel Schlunegger, soll sie den mysteriösen Tod eines Journalisten aufklären. Die Spur führt in die finstere Vergangenheit, zum Vorabend des Zweiten Weltkriegs. Das mörderische Duo findet heraus, dass sich ein furchtbares Ereignis der Weltgeschichte in Wirklichkeit ganz anders abgespielt hat. Und dann muss Violetta Morgenstern auch noch feststellen, dass sie selbst ihrem besten Freund nicht mehr vertrauen kann.</marc:subfield>
   </marc:datafield>
   <marc:datafield ind1=" " ind2=" " tag="020">
      <marc:subfield code="a">9783986590147</marc:subfield>
      <marc:subfield code="9">9783986590147</marc:subfield>
   </marc:datafield>
   <marc:datafield ind1=" " ind2=" " tag="020">
      <marc:subfield code="a">3986590145</marc:subfield>
      <marc:subfield code="9">3986590145</marc:subfield>
   </marc:datafield>
   <marc:datafield ind1=" " ind2=" " tag="041">
      <marc:subfield code="a">ger</marc:subfield>
   </marc:datafield>
   <marc:datafield ind1="0" ind2=" " tag="490">
      <marc:subfield code="v">5</marc:subfield>
   </marc:datafield>
   <marc:datafield ind1=" " ind2=" " tag="338">
      <marc:subfield code="a">Band</marc:subfield>
   </marc:datafield>
   <marc:datafield ind1=" " ind2=" " tag="300">
      <marc:subfield code="a">252 Seiten</marc:subfield>
   </marc:datafield>
</marc:record>
